[Event "Chigorin Memorial 27th"]
[Site "St Petersburg"]
[Date "2019.10.13"]
[Round "9"]
[White "Akhmedzhaev, Alexander"]
[Black "Tskhadadze, Anna"]
[Result "0-1"]
[WhiteElo "1000"]
[BlackElo "1941"]
[PlyCount "64"]
[EventDate "2019.10.05"]
[EventType "swiss"]
[EventRounds "9"]
[EventCountry "RUS"]
[SourceTitle "EXT 2021"]
[Source "ChessBase"]
[SourceDate "2020.10.23"]
[SourceVersion "1"]
[SourceVersionDate "2020.10.23"]
[SourceQuality "1"]

1. Nf3 d5 2. b3 e6 3. Bb2 Nf6 4. e3 Bd6 5. c4 0-0 6. d4 c5 7. Bd3 Nc6 8. Nbd2 b6 9. Rc1 Bb7 10. Qe2 a5 11. 0-0 a4 12. Bb1 axb3 13. axb3 Re8 14. Rfd1 Qe7 15. e4 dxe4 16. Nxe4 Nxe4 17. Qxe4 f5 18. Qe2 Bf4 19. Rc3 cxd4 20. Nxd4 Nxd4 21. Rxd4 e5 22. Rd1 e4 23. Rh3 Rad8 24. Bc3 Rxd1+ 25. Qxd1 Rd8 26. Qe2 Qa3 27. Qc2 e3 28. fxe3 Be4 29. Bb2 Qd6 30. Qc1 Qd1+ 31. Qxd1 Rxd1+ 32. Kf2 Rxb1 0-1

[Event "Chigorin Memorial 27th"]
[Site "St Petersburg"]
[Date "2019.10.06"]
[Round "2"]
[White "Ismagilov, Igor"]
[Black "Akhmedzhaev, Alexander"]
[Result "1-0"]
[WhiteElo "1835"]
[BlackElo "1000"]
[PlyCount "133"]
[EventDate "2019.10.05"]
[EventType "swiss"]
[EventRounds "9"]
[EventCountry "RUS"]
[SourceTitle "EXT 2020"]
[Source "ChessBase"]
[SourceDate "2019.10.17"]
[SourceVersion "1"]
[SourceVersionDate "2019.10.17"]
[SourceQuality "1"]

1. d4 Nf6 2. Bf4 c5 3. c3 Qb6 4. Qb3 Qxb3 5. axb3 cxd4 6. cxd4 Nc6 7. Nf3 d6 8. e3 h6 9. h4 g6 10. Bb5 Bd7 11. Nc3 Bg7 12. 0-0 0-0 13. Rfd1 a6 14. Bxc6 Bxc6 15. d5 Bd7 16. Nd4 Rac8 17. e4 Rfd8 18. f3 Be8 19. Be3 Nd7 20. Na4 Rc7 21. Kf1 Kh7 22. h5 gxh5 23. Nf5 Bf8 24. Nb6 Ne5 25. Rac1 Bb5+ 26. Kg1 Rxc1 27. Rxc1 Bd7 28. Rc7 Bxf5 29. exf5 Kg7 30. Bd4 f6 31. Rxb7 Kf7 32. Ra7 h4 33. Rxa6 h5 34. Be3 h3 35. gxh3 Nxf3+ 36. Kf2 Nh4 37. Ra8 Ke8 38. Nc8 Kd7 39. Nb6+ Ke8 40. Nc8 Kd7 41. Ra4 Nxf5 42. Nb6+ Ke8 43. Na8 Nxe3 44. Kxe3 Rb8 45. b4 Kd8 46. Ra7 Rxb4 47. Nc7 Bh6+ 48. Kf3 Rxb2 49. Ne6+ Ke8 50. Ra8+ Kf7 51. Rh8 Kg6 52. Rg8+ Kf5 53. Rh8 Bg5 54. Rxh5 Rb3+ 55. Kg2 Kg6 56. Rh8 Rd3 57. h4 Bh6 58. h5+ Kf5 59. Rxh6 Rxd5 60. Ng7+ Kg4 61. Rh8 Rd2+ 62. Kf1 Rd1+ 63. Ke2 Rh1 64. h6 Kg5 65. h7 Kg6 66. Ne6 Kf5 67. Nf8 1-0